000 00463nam a22001577a 4500
999 _c7777
_d7775
005 20210325142506.0
008 210325b ||||| |||| 00| 0 eng d
082 _a345.408 23
100 _aMANOHAR AND CHITALEY
_96503
245 _aTHE AIR MANUAL CIVIL AND CRIMINAL STAMP ACT[1899] SECTION-62 TO TELEGRAPH ACT [1885] VOL-43
250 _a6TH, ED.
260 _aNAGPUR
_bTHE ALL INDIA REPORTER PVT.LTD.
300 _a1928,p
650 _aLAW
_95701
942 _cJRL